Загрузка...
Women, education and empowerment
| Главный автор: | |
|---|---|
| Формат: | Printed Book |
| Язык: | English |
| Предметы: |
| LEADER | 00370nam a2200109Ia 4500 | ||
|---|---|---|---|
| 008 | 101008s9999 xx 000 0 eng d | ||
| 100 | |a Bhaskara Rao, Digumarti | ||
| 245 | |a Women, education and empowerment | ||
| 650 | |a Women Education | ||
| 942 | |c BK | ||
| 999 | |c 184395 |d 184395 | ||
| 952 | |0 0 |1 0 |4 0 |7 0 |9 203688 |a EDU |b EDU |c ST1 |d 2010-10-20 |i 6010 |l 3 |p EDU6010 |r 2019-05-06 |s 2015-10-13 |w 2010-10-20 |y BK | ||